Gaming Quiz

Random Gaming or Video Games Quiz

Star Citizen Star Systems Quiz Stats

 Plays Quiz not verified by Sporcle

Support Sporcle.
Go Orange.
Score 0/92 Timer 06:00
0 Plays Today
% Correct
???
26.7%
???
26.5%
???
23.6%
???
22.9%
???
22.1%
???
20.4%
???
18.5%
???
17.9%
???
17.2%
???
17.2%
???
17%
???
16.5%
???
16.4%
???
16.1%
???
14.8%
???
14.6%
???
14.4%
???
13.8%
???
13.8%
???
13.7%
???
13.5%
???
13.4%
???
13.4%
???
13.2%
???
13.1%
???
12.6%
???
12.4%
???
12.3%
???
12.3%
???
11.8%
???
11.8%
% Correct
???
11.6%
???
11.6%
???
11.5%
???
11.3%
???
11.3%
???
11.3%
???
11.2%
???
11.1%
???
11.1%
???
10.7%
???
10.2%
???
9.8%
???
9.7%
???
9.7%
???
9.6%
???
9.3%
???
9.1%
???
9%
???
9%
???
9%
???
8.6%
???
8.5%
???
8.4%
???
8.2%
???
8.1%
???
8%
???
7.9%
???
7.7%
???
7.7%
???
7.5%
???
7.5%
% Correct
???
7.3%
???
7.2%
???
7.2%
???
7%
???
6.9%
???
6.9%
???
6.9%
???
6.7%
???
6.5%
???
6.3%
???
6.3%
???
6.3%
???
6.3%
???
6.1%
???
6%
???
5.9%
???
5.7%
???
5.7%
???
5.6%
???
5.2%
???
5.2%
???
4.9%
???
4.9%
???
4.7%
???
4.5%
???
4.4%
???
4.1%
???
3.8%
???
3.8%
???
3.7%

You're not logged in!

Compare scores with friends on all Sporcle quizzes.
OR
Log In

From the Vault

Tom Hanks Slot Machine

by BanjoZebra

We have the sneaky suspicion that Tom Hanks takes some of his roles just for the food.
Remove Ads.
Support Sporcle.
Get the best of Sporcle when you Go Orange. This ad-free experience offers more features, more stats, and more fun while also helping to support Sporcle. Thank you for becoming a member.

Show Comments

Extras

Top Quizzes Today


Score Distribution

Your Account Isn't Verified!

In order to create a playlist on Sporcle, you need to verify the email address you used during registration. Go to your Sporcle Settings to finish the process.

Report this User

Report this user for behavior that violates our Community Guidelines.

Details: